Manaqib-i Ahle-i Bait alaihim salam / (Record no. 606826)
[ view plain ]
| 000 -LEADER | |
|---|---|
| fixed length control field | 00419nam a22001457a 4500 |
| 082 ## - DEWEY DECIMAL CLASSIFICATION NUMBER | |
| Classification number | 297.64 |
| Author Mark | MAN |
| 100 ## - MAIN ENTRY--PERSONAL NAME | |
| Personal name | Noori, Sahibzada Raza ul Mustafa |
| 245 ## - TITLE STATEMENT | |
| Title | Manaqib-i Ahle-i Bait alaihim salam / |
| Statement of responsibility, etc. | Sahibzada Raza ul Mustafa Noori |
| 260 ## - PUBLICATION, DISTRIBUTION, ETC. | |
| Place of publication, distribution, etc. | Pakistan: |
| Name of publisher, distributor, etc. | Madina Foundation; |
| Date of publication, distribution, etc. | - |
| 300 ## - PHYSICAL DESCRIPTION | |
| Extent | 107p. |
| 563 ## - BINDING INFORMATION | |
| Binding note | PB |
| 650 ## - SUBJECT ADDED ENTRY--TOPICAL TERM | |
| Topical term or geographic name entry element | Women in Quran |
| 650 ## - SUBJECT ADDED ENTRY--TOPICAL TERM | |
| Topical term or geographic name entry element | Muslim Women |
| 942 ## - ADDED ENTRY ELEMENTS (KOHA) | |
| Source of classification or shelving scheme | |
| Koha item type | Book |
| 650 ## - SUBJECT ADDED ENTRY--TOPICAL TERM | |
| -- | 119674 |
| 650 ## - SUBJECT ADDED ENTRY--TOPICAL TERM | |
| -- | 37213 |
| Withdrawn status | Lost status | Source of classification or shelving scheme | Materials specified (bound volume or other part) | Damaged status | Not for loan | Permanent Location | Current Location | Date acquired | Source of acquisition | Total Checkouts | Full call number | Barcode | Date last seen | Price effective from | Koha item type |
|---|---|---|---|---|---|---|---|---|---|---|---|---|---|---|---|
| Donated by Rector Sectt NUST Islamabad | Central Library (CL) | Central Library (CL) | 11/25/2023 | Donation | 297.64 MAN | CL-D-2540 | 11/25/2023 | 11/25/2023 | Book | ||||||
| Donated by Rector Sectt NUST Islamabad | Central Library (CL) | Central Library (CL) | 11/25/2023 | Donation | 297.64 MAN | CL-D-2541 | 11/25/2023 | 11/25/2023 | Book |
